Systém - INTRASTAT
Systém Intrastat bol zavedený v štátoch Európskej únie od 1. januára 1993, kedy bol vytvorený jednotný trh. Jeho zavedenie súviselo so zrušením colných kontrol medzi členskými štátmi EÚ. Intrastat je štatistikou obchodovania s tovarom medzi členskými štátmi. Extrastat systém je štatistikou obchodova...
Salvato in:
| Autore principale: | |
|---|---|
| Natura: | Capitolo di libro |
| Lingua: | slovacco |
| Soggetti: | |
| Tags: |
Nessun Tag, puoi essere il primo ad aggiungerne!!
|
MARC
| LEADER | 00000naa$a2200000$$$4500 | ||
|---|---|---|---|
| 001 | 0040457 | ||
| 005 | 20231114090230.7 | ||
| 041 | 0 | |a slo | |
| 044 | |a SK | ||
| 245 | 1 | 0 | |a Systém - INTRASTAT |c Beáta Jarošová |
| 520 | |a Systém Intrastat bol zavedený v štátoch Európskej únie od 1. januára 1993, kedy bol vytvorený jednotný trh. Jeho zavedenie súviselo so zrušením colných kontrol medzi členskými štátmi EÚ. Intrastat je štatistikou obchodovania s tovarom medzi členskými štátmi. Extrastat systém je štatistikou obchodovania s tovarom spoločenstva a jeho členskými štátmi s nečlenskými krajinami. Systém Intrastat je napojený na daň s pridanej hodnoty. Čo je a čo nie je predmetom hlásenia Intrastat SK. Základné pojmy. Plnenie spravodajskej povinnosti. Formuláre hlásení. | ||
| 610 | 2 | 0 | |a Európska únia |
| 610 | 2 | 0 | |a pohyb tovaru |
| 610 | 2 | 0 | |a obchod zahraničný |
| 610 | 2 | 0 | |a štatistika |
| 610 | 2 | 0 | |a formuláre |
| 100 | 1 | |a Jarošová, Beáta | |